Panorama social de América Latina: 1996
Gardado en:
| Autor Corporativo: | |
|---|---|
| Formato: | Libro |
| Idioma: | Lingua castelá |
| Publicado: |
Santiago
Naciones Unidas
1997
|
| Subjects: | |
| Tags: |
Engadir etiqueta
Sen Etiquetas, Sexa o primeiro en etiquetar este rexistro!
|
MARC
| LEADER | 00000nam a2200000 a 4500 | ||
|---|---|---|---|
| 001 | UCS6852 | ||
| 003 | CL-VaPUC | ||
| 008 | 971003e19970000CL |||||||||||||||||spa|d | ||
| 082 | 0 | 4 | |a 305.523 |b CEP |2 21 |
| 110 | 2 | |a CEPAL |e author |9 392288 | |
| 245 | 1 | 0 | |a Panorama social de América Latina: 1996 |
| 300 | |a 218 p | ||
| 942 | |c BK | ||
| 945 | |d 19971003 00:00:00 |a rleighto | ||
| 260 | |a Santiago |b Naciones Unidas |c 1997 | ||
| 650 | 0 | |a Evolución social |9 260808 | |
| 650 | 0 | |a Pobreza |9 258652 | |
| 650 | 7 | |a INFANCIA |2 CL-VaPUC |9 392289 | |
| 650 | 7 | |a GASTO SOCIAL |2 CL-VaPUC |9 311342 | |
| 650 | 0 | |a Política social |9 257588 | |
| 650 | 0 | |a Educación |9 258661 | |
| 650 | 0 | |a Salud |9 258663 | |
| 650 | 0 | |a Vivienda |9 258662 | |
| 650 | 0 | |a Seguridad ciudadana |9 392290 | |
| 583 | |a last modification |c 19971003 00:00:00 |k Rodrigo Vera | ||
| 999 | |c 262416 |d 262414 | ||
| 952 | |0 0 |1 0 |4 0 |6 305_523000000000000_CEP_1997 |7 0 |8 A |9 290860 |a BIBGIM |b BIBGIM |d 2019-11-19 |i 3353117 |o 305.523 CEP 1997 |p 3353117 |r 2025-01-15 |w 2019-11-19 |y BK |k SSL | ||
| 952 | |0 0 |1 0 |4 0 |6 305_523000000000000_CEP_1997 |7 0 |8 P |9 290861 |a BIBEDU |b BIBEDU |c BIBEDU_PB |d 2019-11-19 |i 3488144 |o 305.523 CEP 1997 |p 3488144 |r 2024-01-25 |w 2019-11-19 |y BK |k EDU | ||